[Event "E Grand Swiss 2023"]
[Site "Douglas, Isle of Man"]
[Date "2023.11.03"]
[Round "9.5"]
[White "Maghsoodloo, Parham"]
[Black "Sarana, Alexey"]
[Result "1-0"]
[WhiteElo "2707"]
[BlackElo "2682"]
[EventDate "2023.??.??"]
[Annotator "Bojkov,Dejan"]
[PlyCount "123"]
[Beauty "6256962052643"]
[EventType "team-tourn"]
[EventCountry "IOM"]
[WhiteTeam "Iran"]
[BlackTeam "Serbia"]
[WhiteTeamCountry "IRI"]
[BlackTeamCountry "SRB"]

1.d4 Nf6 2.c4 e6 3.Nc3 Bb4 {A solid opening choice—the Nimzo-Indian Defense is likely to remain one of Black's best options for years to come.} 4.e3 O-O 5.Bd3 d5 6.a3 Bxc3+ 7.bxc3 dxc4 8.Bxc4 c5 9.Nf3 Qc7 10.Be2 {The opening quickly leads to a classical and complex pawn structure.} 10...b6 11.Bb2 $5 {[%c_effect b2;square;b2;type;Interesting;persistent;true] \"is recently more successful than 11.0-0\" comments my Megabase.} 11...Bb7 12.O-O Nc6 13.c4 {Heading to the hanging-pawns formation.} ( {White can also try to keep the pawn structure more flexible with:} 13.Rc1 {to which Black would surely prepare counterplay in the center with} 13...Rfd8 14.Re1 Rac8 15.Bd3 e5 16.e4 Ne8 {as in So,W (2760)-Deac,B (2700) Warsaw 2023} ) 13...Rfd8 14.Rc1 Ne7 {A typical maneuver. The knight makes space both for the light-squared bishop and for the heavy pieces along the c-file.} ( {Using the alternative square also makes sense} 14...Na5 $5 {[%c_effect a5;square;a5;type;Interesting;persistent;true]} 15.Nd2 cxd4 ( {Perhaps} 15...Ne4 $5 {[%c_effect e4;square;e4;type;Interesting;persistent;true] is more in the spirit of the position.} ) 16.exd4 Qf4 17.Re1 Nc6 18.Nf3 Rac8 {as in Sciarretta,R (2239)-Pazderski,L (2121) LSS email 2011} ) 15.Ne5 $146 {A novelty, and an obvious move at the same time. Black retreats, so White occupies the space that's been conceded.} ( {The predecessor game saw:} 15.h3 Ng6 16.Re1 cxd4 17.exd4 Qf4 18.Qb3 Rac8 19.a4 {Eljanov,P (2694) -Vokhidov,S (2583) Chess.com INT 2023} ) 15...Ng6 {The most logical end of the maneuver.} ( {But it also made sense to ask his opponent about his intentions with} 15...Nc6 $5 {[%c_effect c6;square;c6;type;Interesting;persistent;true] Certainly, White can repeat once with} 16.Nf3 ( {Or, White may decide to swap the knights off with} 16.Nxc6 Bxc6 {and go for} 17.f3 ( {Or even something more pointed like} 17.Bd3 Be4 18.d5 $5 {[%c_effect d5;square;d5;type;Interesting;persistent;true]} ) ) ) 16.Nxg6 hxg6 {Sarana has managed to free his position a bit and trade off a pair of pieces, which should generally be useful in the upcoming hanging-pawns battle.} 17.Qb3 Bc6 {An interesting plan.} ( {However, there were a couple of worthy alternatives. The first is} 17...Ne4 $5 {[%c_effect e4;square;e4;type;Interesting;persistent;true] intending to meet} 18.Rfd1 cxd4 19.exd4 {with} 19...Qf4 {Now} 20.Bf3 {can be answered with} 20...Rac8 ( {Or even the more forcing} 20...Nd2 21.Rxd2 Bxf3 ) ) ( 17...Rac8 $5 {[%c_effect c8;square;c8;type;Interesting;persistent;true]} 18.Rfd1 cxd4 19.exd4 Qf4 ) 18.Rfd1 Qb7 19.f3 Qa6 {The point behind Black's play.} 20.Rd2 ( 20.Qc3 $5 {[%c_effect c3;square;c3;type;Interesting;persistent;true]} ) 20...cxd4 21.exd4 Qa5 22.Bc3 ( {It's funny that the machine suggests trading queens with} 22.Qc3 {a move which both players probably did not even consider.} ) 22...Qg5 {And, in a roundabout fashion, the queen ends on the kingside.} 23.Qd1 {Maghsoodloo in return starts to prepare the typical central break d4-d5.} 23...Rac8 {Stopped.} 24.Bf1 ( {As} 24.d5 $2 {[%c_effect d5;square;d5;type;Mistake;persistent;true] is tactically refuted after} 24...exd5 25.Bxf6 gxf6 26.cxd5 Bxd5 $1 {[%c_effect d5;square;d5;type;GreatFind;persistent;true]} 27.Rxc8 Rxc8 28.Rxd5 Qe3+ $1 {[%c_effect e3;square;e3;type;GreatFind;persistent;true]} ) 24...Bb7 {Sarana, in turn, targets the hanging pawns, trying to provoke the c-pawn to move.} ( {Forcing, rather than provoking, might have been the better way $1} 24...b5 $5 {[%c_effect b5;square;b5;type;Interesting;persistent;true] looks good for Black. He might have feared the pin that arises after} 25.Ba5 Re8 26.Rdc2 bxc4 27.Bd2 Qd5 28.Rxc4 {but the pin can easily be broken with} 28...Bb7 ) 25.a4 $1 {[%c_effect a4;square;a4;type;GreatFind;persistent;true] Another typical idea for this structure.} ( {However} 25.Rf2 $5 {[%c_effect f2;square;f2;type;Interesting;persistent;true] is prophylaxis suggested by the machine.} ) 25...Rc7 ( {The machine suggests Rf2 because it believes that Black is doing fine after} 25...Nd5 $5 {[%c_effect d5;square;d5;type;Interesting;persistent;true]} 26.cxd5 Qe3+ 27.Kh1 Rxc3 28.Rxc3 Qxc3 29.dxe6 fxe6 {This is not obvious for a human being (at least for a human being like me). The black king seems too iffy.} ) ( {The immediate} 25...Ba6 {would likely have been met with the calm} 26.Bb2 ) 26.a5 {The point behind White's play. He gets rid of an isolated pawn, while creating one for his opponent.} 26...Ba6 ( {The pawns along the a-file would become easy prey for the white heavy pieces after} 26...bxa5 27.Ra2 ( 27.Qe1 ) ) 27.axb6 ( 27.Rdc2 $5 {[%c_effect c2;square;c2;type;Interesting;persistent;true]} ) 27...axb6 28.Rdc2 $1 {[%c_effect c2;square;c2;type;GreatFind;persistent;true] Tactically defending the c4-pawn.} 28...Qf4 ( {Perhaps the best chance was} 28...Qe3+ 29.Kh1 g5 ) ( {Maghsoodloo not only stopped the immediate capture of the pawn, he also prevented the promising exchange sacrifice with} 28...Rxc4 $6 {[%c_effect c4;square;c4;type;Inaccuracy;persistent;true] when after} 29.Bxc4 Qe3+ ( {Not} 29...Bxc4 $2 {[%c_effect c4;square;c4;type;Mistake;persistent;true]} 30.Bd2 $1 {[%c_effect d2;square;d2;type;GreatFind;persistent;true]} ) 30.Kh1 Bxc4 31.Bd2 Qxd4 32.Rxc4 Qxd2 33.Qxd2 Rxd2 {Black has to defend a difficult endgame.} ) ( 28...Bxc4 $2 {[%c_effect c4;square;c4;type;Mistake;persistent;true] loses to} 29.Bd2 ) 29.Qe1 $1 {[%c_effect e1;square;e1;type;GreatFind;persistent;true] Another nice maneuver, spiced up with tactics.} 29...Qf5 ( {Not} 29...Bxc4 $2 {[%c_effect c4;square;c4;type;Mistake;persistent;true]} 30.Bd2 Qxd4+ 31.Be3 ) 30.Bb2 Rdc8 31.Qe3 $1 {[%c_effect e3;square;e3;type;GreatFind;persistent;true] It all becomes clear now. Maghsoodloo's incredible maneuvering deprived his opponent of any counterplay, while it's now the black queen who feels the tension.} ( {More natural seemed} 31.Qb4 {when the black b6-pawn seems to be in trouble, but then it would be Sarana defending tactically after} 31...Qg5 32.Qxb6 $2 {[%c_effect b6;square;b6;type;Mistake;persistent;true]} 32...Bxc4 $1 {[%c_effect c4;square;c4;type;GreatFind;persistent;true]} 33.Bxc4 Qe3+ $1 {[%c_effect e3;square;e3;type;GreatFind;persistent;true] when White loses after both} 34.Kh1 ( {Or} 34.Kf1 Rxc4 35.Rxc4 Qd3+ ) 34...Rxc4 35.Rxc4 Rxc4 36.Rxc4 Qe1# ) 31...Qh5 {The queen needs to take care of herself.} ( {No time for} 31...b5 32.g4 $1 {[%c_effect g4;square;g4;type;GreatFind;persistent;true]} ) 32.Qa3 {And White gets what he wants on the queenside under more favorable circumstances.} 32...Bb7 33.Qb3 ( {It's amusing to see the machine suggest another prophylactic consolidation with} 33.Bc3 $5 {[%c_effect c3;square;c3;type;Interesting;persistent;true]} 33...Qg5 34.Bd2 ) 33...Qg5 34.Re1 {The black queen is a target again.} 34...Nd7 ( {Or else Re1-e5 would be an issue, as in the line} 34...Ba6 35.Re5 Qh6 ( 35...Qh4 36.g3 ) 36.Bc1 Qh4 37.Be3 ) 35.Bc1 ( {The cunning attempt to benefit from the knight retreat with} 35.Qc3 $1 {[%c_effect c3;square;c3;type;GreatFind;persistent;true] intending d4-d5, can be stopped in an even more cunning way with} 35...Bd5 $1 {[%c_effect d5;square;d5;type;GreatFind;persistent;true]} ) 35...Qf6 ( {Maybe it was worth trying} 35...Qf5 $5 {[%c_effect f5;square;f5;type;Interesting;persistent;true]} 36.Bd3 Qf6 37.Be3 e5 38.d5 Nc5 ) 36.Be3 Ra8 37.Ra2 {A very concrete approach. Maghsoodloo starts his queenside infiltration.} ( {Also good was the nagging} 37.Qb4 $5 {[%c_effect b4;square;b4;type;Interesting;persistent;true]} 37...Rcc8 38.Rb2 ) 37...Rcc8 ( {Or else the queen would soon wreak havoc on the queenside after} 37...Rxa2 38.Qxa2 Rc8 39.Qa7 ) 38.Rea1 Qd8 39.Qb4 Rxa2 40.Rxa2 Ra8 {That's the best that Sarana can do—reduce the attackers.} 41.Rxa8 Qxa8 42.Qd6 Qc8 43.Bf4 {The problem is that the remaining white pieces completely dominate their counterparts.} 43...Bc6 {It's clear that White is in full control, but how should he best prepare for the inevitable breakthrough $2 Maghsoodloo is impressive again.} ( 43...Ba6 $5 {[%c_effect a6;square;a6;type;Interesting;persistent;true] might have been more resilient.} ) 44.h4 $3 {[%c_effect h4;square;h4;type;Brilliant;persistent;true] Classy $1 The white king not only finds a good shelter against any counterplay, but is ready to join the battle himself. Meanwhile, White ups the pressure on the kingside, playing for another weakness.} 44...Qa8 45.Kh2 Ba4 46.Bd2 Bc6 47.Qc7 $1 {[%c_effect c7;square;c7;type;GreatFind;persistent;true] Black is almost in zugzwang $1} ( {It is too early for a breakthrough} 47.d5 $6 {[%c_effect d5;square;d5;type;Inaccuracy;persistent;true]} 47...exd5 48.cxd5 Ba4 ) 47...Kh8 ( {If the queen leaves the back rank with} 47...Qb7 {then White would use it for his own benefit.} 48.Qd8+ Kh7 49.Qe7 ) ( {Sarana avoids} 47...Kh7 {due to} 48.Bd3 {with the threat of h4-h5 $1} ) ( {If the previous line was not enough to convince you how strong and useful the h2-h4 move was, then check this line} 47...Qa2 {is Black's only active try. True, after} 48.Qxc6 Qxd2 49.Qxd7 {he drops a piece. But now imagine for a moment that the white pawn is back on h2. Then Black would save himself by constantly attacking the white king from the e3-square and the back-rank $1} ) 48.Kg3 $1 {[%c_effect g3;square;g3;type;GreatFind;persistent;true]} 48...Kg8 49.Bg5 $1 {[%c_effect g5;square;g5;type;GreatFind;persistent;true] Provoking a weakening.} 49...f6 ( {After} 49...Kh8 {White may already consider the liquidation into a queenless endgame due to his active king (again, thanks to the h2-h4 maneuver $1)} 50.Qd8+ ( {Or continue to apply pressure with} 50.Be7 ) 50...Qxd8 51.Bxd8 Kg8 52.Kf4 ) 50.Bf4 Ba4 51.Bd3 Kf7 52.Be4 {The domination is complete. Black's position starts to fall apart.} 52...Qa5 {Now Sarana will badly miss his queen on the kingside.} ( {Or else after} 52...Qe8 53.Qa7 $1 {[%c_effect a7;square;a7;type;GreatFind;persistent;true] White would win thanks to the pin in the line} 53...Bd1 54.Bc6 Ke7 55.Qc7 $1 {[%c_effect c7;square;c7;type;GreatFind;persistent;true]} ) 53.c5 $1 {[%c_effect c5;square;c5;type;GreatFind;persistent;true] The game is crowned by some neat technical calculation.} 53...e5 ( {The attempt} 53...Qe1+ 54.Kh3 Qh1+ 55.Bh2 {leads Black nowhere.} ) 54.c6 $1 {[%c_effect c6;square;c6;type;GreatFind;persistent;true]} 54...exf4+ 55.Kh2 $1 {[%c_effect h2;square;h2;type;GreatFind;persistent;true]} ( {Not} 55.Kxf4 $2 {[%c_effect f4;square;f4;type;Mistake;persistent;true]} 55...Qd2+ 56.Kg3 Qe1+ {with a perpetual.} ) 55...Qh5 56.Qxd7+ Kg8 57.Qe6+ $1 {[%c_effect e6;square;e6;type;GreatFind;persistent;true] The last finesse.} ( {The immediate} 57.Qg4 Qxg4 58.fxg4 {is not convincing after} 58...Kf7 ) 57...Kh7 58.Qg4 Qxg4 59.fxg4 {Now h4-h5 is a decisive threat.} 59...Kg8 60.c7 Bd7 61.Bxg6 Bxg4 62.d5 ( {The end could have been} 62.d5 Kf8 63.d6 b5 64.Be4 Bd7 ( 64...Ke8 65.Bc6+ ) 65.Bc6 ) 1-0